Devine le joueur de foot #10 - Statistiques

Statistiques générales
  • Ce quiz a été pris 129 fois
  • Le résultat moyen est 15 sur 20
Statistiques - réponses
Par images Réponse % Correct
Paul Pogba
98%
Sergio Ramos
97%
Edinson Cavani
96%
Gareth Bale
95%
Gianluigi Buffon
93%
Patrice Évra
92%
Michel Platini
90%
Jamal Musiala
89%
Pablo Martín Páez Gavira
89%
Jean-Pierre Papin
85%
Alejandro Garnacho
83%
Raúl González Blanco
82%
James Maddison
68%
Chancel Mbemba
65%
Jonathan Bamba
61%
Alessandro Nesta
60%
Rasmus Højlund
54%
Charles De Ketelaere
48%
Hernán Crespo
48%
Gabriel Batistuta
35%
Aucun quiz correspondant
Distribution des résultats
% des personnes avec chaque résultat
Percentile par nombre de réponses
Votre historique - résultats
Vous n’avez pas pris ce quiz